Normal view
MARC view
Entry Personal Name
001 - CONTROL NUMBER
- control field: 27924
003 - CONTROL NUMBER IDENTIFIER
- control field: OSt
005 - DATE AND TIME OF LATEST TRANSACTION
- control field: 20260609123048.0
008 - FIXED-LENGTH DATA ELEMENTS
- fixed length control field: 260609|| aca||aabn | a|a d
040 ## - CATALOGING SOURCE
- Original cataloging agency: OSt
- Transcribing agency: OSt
100 ## - HEADING--PERSONAL NAME
- Personal name: Martin Nicole M
670 ## - SOURCE DATA FOUND
- Source citation: Work cat.: (OSt)23644: Duke Nell K. 27920, Reading and Writing GENRE:With Purpose in k-8 classrooms, 2012
